000 00298nam a2200109Ia 4500
008 230822s2000 xx 000 0 und d
041 _aeng
100 _aSTEIN B & REYNOLDS J S
245 _aMECHANICAL AND ELECTRICAL EQUIPMENT FOR BUILDINGS
260 _bJOHN WILEE AND SONS
_c2000
300 _a1790
999 _c857718
_d857718